Score 0/20 Timer 06:00
0 Plays Today
% Correct
Johnny Bravo/Johnny Depp
97.7%
Jack Skellington (The Nightmare Before Christmas)/Jack Black
95.2%
Bob the Builder/Bob Dylan
94%
Simon (Alvin & the Chipmunks)/Simon Cowell
93.7%
Ben 10/Ben Affleck
92.4%
Meg Griffin (Family Guy)/Meg Ryan
90.8%
Woody Woodpecker/Woody Allen
88%
Robin (Teen Titans)/Robin Thicke
88%
Wilma Flintstone (The Flintstones)/Wilma Rudolph
84.4%
Tommy Pickles (Rugrats)/Tommy Lee Jones
84.2%
% Correct
Fred Jones (Scooby-Doo, Where Are You!)/Fred Willard
80.5%
Gary the Snail (SpongeBob SquarePants)/Gary Oldman
76.7%
Amy Wong (Futurama)/Amy Poehler
74.7%
Russell (Up)/Russell Brand
71.9%
EVE (WALL·E)/Eve
71.3%
Vince LaSalle (Recess)/Vince Vaughn
67.6%
Judy Hopps (Zootopia)/Judy Garland
59.2%
Patti Mayonnaise (Doug)/Patti Smith
36.5%
Jewel (Rio)/Jewel
29.9%
Hayley Smith (American Dad!)/Hayley Williams
27%
Remove Ads.
Support Sporcle.
Get the best of Sporcle when you Go Orange. This ad-free experience offers more features, more stats, and more fun while also helping to support Sporcle. Thank you for becoming a member.

You're not logged in!

Compare scores with friends on all Sporcle quizzes.
OR
Log In

Show Comments

Extras

Top Quizzes Today


Score Distribution

Your Account Isn't Verified!

In order to create a playlist on Sporcle, you need to verify the email address you used during registration. Go to your Sporcle Settings to finish the process.

Report this User

Report this user for behavior that violates our Community Guidelines.

Details: